[Event "17. Sombor open"]
[Site "Sombor, Citaonicka 9"]
[Date "2025.03.26"]
[Round "4.7"]
[White "Sasic, Miodrag"]
[Black "Stojkovic, Andreja"]
[Result "0-1"]
[WhiteElo "1763"]
[BlackElo "1905"]
[PlyCount "48"]
[EventDate "2025.03.19"]

1. e4 c5 2. Nf3 Nf6 3. Nc3 Nc6 4. d4 d5 5. e5 Ne4 6. Nxe4 dxe4 7. Ng5 Qxd4 8.
Qe2 Qxe5 9. c3 f5 10. g3 Qf6 11. Nh3 e6 12. Bg5 Qf7 13. O-O-O Be7 14. Bxe7 Qxe7
15. Qh5+ g6 16. Qh6 Bd7 17. Bb5 O-O-O 18. Nf4 Ne5 19. Be2 c4 20. Rd4 Nd3+ 21.
Bxd3 cxd3 22. Nxg6 hxg6 23. Qxg6 Rdg8 24. Rxd7 Kxd7 0-1

[Event "17. Sombor open"]
[Site "Sombor, Citaonicka 9"]
[Date "2025.03.26"]
[Round "4.8"]
[White "Bakula, Milan"]
[Black "Knezevic, Janko"]
[Result "0-1"]
[WhiteElo "1807"]
[BlackElo "1938"]
[PlyCount "78"]
[EventDate "2025.03.19"]

1. c4 e5 2. e4 Nf6 3. Nc3 Bc5 4. Nf3 d6 5. Be2 Bg4 6. b4 Bxb4 7. Qa4+ Nc6 8.
Nd5 Bc5 9. Rb1 Bxf2+ 10. Kxf2 Nxe4+ 11. Ke1 Nc5 12. Qa3 e4 13. Qe3 O-O 14. Nd4
Ne5 15. Bxg4 Nxg4 16. Qg3 Nd3+ 17. Kf1 c6 18. Qxg4 cxd5 19. Nf5 Qf6 20. Ke2 Ne5
21. Qh3 d4 22. Rf1 d3+ 23. Ke1 Nxc4 24. Ne3 Qd4 25. Nxc4 Qxc4 26. Bb2 Qc2 27.
Bxg7 Qxb1+ 28. Kf2 Qb6+ 29. Kg3 Kxg7 30. Qf5 Qd4 31. Rf4 d5 32. Kh3 Kh8 33. g4
f6 34. Kh4 Qe5 35. Kg3 Qxf5 36. Rxf5 Rad8 37. h4 Kg7 38. Kf4 Rfe8 39. h5 h6 0-1

[Event "17. Sombor open"]
[Site "Sombor, Citaonicka 9"]
[Date "2025.03.26"]
[Round "4.9"]
[White "Trkulja, Dunja"]
[Black "Gajcin, Sinisa"]
[Result "0-1"]
[WhiteElo "1454"]
[BlackElo "1797"]
[PlyCount "36"]
[EventDate "2025.03.19"]

1. d4 Nf6 2. Nc3 d5 3. Nf3 e6 4. a3 c5 5. e3 Nc6 6. Ne5 Nxe5 7. dxe5 Nd7 8. Nb5
Nxe5 9. Be2 h6 10. Nc3 b6 11. O-O Bb7 12. Bd2 h5 13. Bxh5 Qh4 14. Nb5 Rxh5 15.
h3 d4 16. exd4 Bxg2 17. Re1 Nf3+ 18. Qxf3 Bxf3 0-1

[Event "17. Sombor open"]
[Site "Sombor, Citaonicka 9"]
[Date "2025.03.26"]
[Round "4.11"]
[White "Basaric, Ana"]
[Black "Kelic, Dusan"]
[Result "0-1"]
[WhiteElo "1575"]
[BlackElo "1698"]
[PlyCount "74"]
[EventDate "2025.03.19"]

1. c4 e5 2. Nc3 Nf6 3. g3 c6 4. e4 d6 5. Bg2 Be7 6. Nf3 O-O 7. O-O Bg4 8. d3
Qc8 9. Be3 Nh5 10. Rc1 Na6 11. Qd2 f5 12. exf5 Qxf5 13. Ne1 Nc5 14. Ne4 Nf6 15.
Nxc5 dxc5 16. f3 Qh5 17. fxg4 Nxg4 18. h3 Rxf1+ 19. Bxf1 Nxe3 20. g4 Nxf1 21.
Kxf1 Qxh3+ 22. Qg2 Rf8+ 23. Ke2 Qh6 24. Rd1 Bh4 25. Nf3 Bg5 26. Nxg5 Qxg5 27.
Qg1 Rf4 28. Qxc5 Qxg4+ 29. Kd2 Qg2+ 30. Kc1 Qg5 31. Kb1 Qh5 32. Rg1 Rg4 33. Rf1
Rf4 34. Rg1 Qe2 35. Qe7 Qxd3+ 36. Ka1 Rf1+ 37. Rxf1 Qxf1# 0-1

[Event "17. Sombor open"]
[Site "Sombor, Citaonicka 9"]
[Date "2025.03.28"]
[Round "5.2"]
[White "Delija, Dragan"]
[Black "Kovacs, Attila F"]
[Result "0-1"]
[WhiteElo "1874"]
[BlackElo "1891"]
[PlyCount "86"]
[EventDate "2025.03.19"]

1. d4 d5 2. c4 dxc4 3. Nc3 e5 4. d5 Nf6 5. e4 b5 6. Bg5 Bb4 7. a4 c6 8. Bxf6
Qxf6 9. axb5 cxb5 10. Nf3 Bb7 11. Qc2 O-O 12. Be2 Nd7 13. O-O a6 14. b3 cxb3
15. Qxb3 Bd6 16. Qb1 Rfc8 17. Rc1 Bc5 18. Na4 Ba7 19. Qb2 Rxc1+ 20. Rxc1 Rc8
21. Rb1 Ba8 22. Nc3 Qb6 23. Nd1 f6 24. Bf1 Qc5 25. Bd3 Nb6 26. Qa2 Bb7 27. d6+
Kf8 28. Bxb5 Bxe4 29. Bxa6 Bxb1 30. Qe6 Re8 31. d7 Rxe6 32. d8=Q+ Re8 33. Qd2
Qd5 34. Qb4+ Kg8 35. Qxb1 e4 36. Ne3 Qa5 37. Bb5 Rb8 38. Nd4 Nd5 39. Qxe4 Qe1+
40. Bf1 Nxe3 41. Qe6+ Kh8 42. fxe3 Bxd4 43. Qc4 Qxe3+ 0-1

[Event "17. Sombor open"]
[Site "Sombor, Citaonicka 9"]
[Date "2025.03.28"]
[Round "5.3"]
[White "Novakovic, Aleksandar"]
[Black "Skrobonja, Sinisa"]
[Result "0-1"]
[WhiteElo "2013"]
[BlackElo "1995"]
[PlyCount "70"]
[EventDate "2025.03.19"]

1. e4 g6 2. d4 Bg7 3. Nc3 d6 4. h4 h6 5. Be3 a6 6. Bc4 b5 7. Bb3 Bb7 8. f3 Nd7
9. a4 b4 10. Nce2 a5 11. Qd2 e6 12. g4 Ne7 13. Nh3 d5 14. Ng3 c5 15. exd5 exd5
16. O-O-O c4 17. Ba2 b3 18. cxb3 cxb3 19. Bxb3 Qc7+ 20. Kb1 Qxg3 21. Nf4 Qxf3
22. Rh3 Qxg4 23. Rg1 Qf5+ 24. Bc2 Qf6 25. Rhg3 Nf5 26. Rg4 h5 27. Rxg6 fxg6 28.
Nxg6 Nxd4 29. Bg5 Qb6 30. Nxh8 Nxc2 31. Qe2+ Ne5 32. Qxh5+ Kd7 33. Bc1 Qf6 34.
Bg5 Qf5 35. Qe2 Nd4+ 0-1

[Event "17. Sombor Open"]
[Site "?"]
[Date "2025.03.28"]
[Round "5.4"]
[White "Knezevic, Janko"]
[Black "Beslin, Igor"]
[Result "0-1"]
[WhiteElo "1938"]
[BlackElo "1907"]
[PlyCount "75"]
[EventDate "2025.??.??"]

1. e4 c5 2. Nf3 d6 3. d4 cxd4 4. Nxd4 Nf6 5. Nc3 a6 6. Be2 e5 7. Nb3 Be6 8. O-O
Nbd7 9. Be3 Rc8 10. Kh1 Be7 11. f3 O-O 12. Qd2 Nb6 13. Nc1 Nc4 14. Bxc4 Rxc4
15. b3 Rc8 16. N1e2 Qc7 17. g4 b5 18. g5 Nh5 19. Rac1 f5 20. exf5 Rxf5 21. Nd5
Qb7 22. Nxe7+ Qxe7 23. Ng3 Nxg3+ 24. hxg3 Qf7 25. f4 exf4 26. Rxf4 Qh5+ 27. Qh2
Rxg5 28. Qxh5 Rxh5+ 29. Rh4 Re5 30. Bd4 Re2 31. Rh2 Bd5+ 32. Kg1 Rce8 33. c4
bxc4 34. bxc4 Rxh2 35. Kxh2 Re2+ 36. Kh3 Be6+ 37. g4 Re4 38. Bf2 $138 0-1

[Event "17. Sombor open"]
[Site "Sombor, Citaonicka 9"]
[Date "2025.03.28"]
[Round "5.5"]
[White "Stojkovic, Andreja"]
[Black "Vujnovic, Igor"]
[Result "0-1"]
[WhiteElo "1905"]
[BlackElo "1856"]
[PlyCount "33"]
[EventDate "2025.03.19"]

1. e4 e6 2. d4 d5 3. Nd2 dxe4 4. Nxe4 Nd7 5. Nf3 Ngf6 6. Bg5 Be7 7. Nxf6+ Bxf6
8. h4 O-O 9. Qd2 h6 10. O-O-O b5 11. Bd3 Bb7 12. Qe3 Nb6 13. Ne5 Be7 14. Qg3
Kh8 15. Qg4 Qe8 16. Qh5 f5 17. Qe2 0-1

[Event "17. Sombor open"]
[Site "Sombor, Citaonicka 9"]
[Date "2025.03.28"]
[Round "5.6"]
[White "Pek, Istvan"]
[Black "Mandaric, Petar"]
[Result "1-0"]
[WhiteElo "1865"]
[BlackElo "1857"]
[PlyCount "93"]
[EventDate "2025.03.19"]

1. Nf3 d5 2. d4 Nf6 3. e3 e6 4. Bd3 c5 5. c3 Nc6 6. Nbd2 c4 7. Bc2 Bd6 8. O-O
e5 9. e4 exd4 10. cxd4 dxe4 11. Nxe4 O-O 12. Nxd6 Qxd6 13. h3 b5 14. Re1 Bb7
15. Bg5 Rad8 16. Be3 Nb4 17. Bb1 Rfe8 18. a3 Nbd5 19. Bc2 Re7 20. Qd2 Nd7 21.
Rad1 N5f6 22. Bf4 Rxe1+ 23. Rxe1 Qc6 24. Bg5 Nf8 25. Bxf6 Qxf6 26. Be4 Bc8 27.
Qe3 g6 28. Ne5 Re8 29. Bd5 Re7 30. Ng4 Bxg4 31. Qxe7 Qxe7 32. Rxe7 Be6 33. Bxe6
Nxe6 34. d5 Nc5 35. Rxa7 Kf8 36. Rc7 Nd3 37. Rb7 Nxb2 38. Rxb5 c3 39. Rc5 Na4
40. Rc4 Nb6 41. Rxc3 Nxd5 42. Rc5 Nb6 43. Rc7 Ke8 44. Rb7 Na4 45. Kf1 h5 46.
Ke1 Nc5 47. Ra7 1-0

[Event "17. Sombor open"]
[Site "Sombor, Citaonicka 9"]
[Date "2025.03.28"]
[Round "5.9"]
[White "Djurosev, Djordje"]
[Black "Sasic, Miodrag"]
[Result "1-0"]
[WhiteElo "1642"]
[BlackElo "1763"]
[PlyCount "52"]
[EventDate "2025.03.19"]

1. d4 d5 2. e3 e6 3. c4 c5 4. Nf3 Nc6 5. cxd5 exd5 6. Nc3 Nf6 7. Bd3 c4 8. Bc2
Bd6 9. O-O Ng4 10. h3 h5 11. e4 dxe4 12. Nxe4 Be7 13. Re1 Nf6 14. Bg5 b5 15.
Nxf6+ gxf6 16. Bxf6 Rg8 17. d5 Kf8 18. dxc6 Bxf6 19. Qxd8+ Bxd8 20. Rad1 Bxh3
21. g3 Bg4 22. Ne5 Bb6 23. c7 Re8 24. Rd8 Bxc7 25. Rxe8+ Kxe8 26. Bh7 Kf8 1-0

[Event "17. Sombor open"]
[Site "Sombor, Citaonicka 9"]
[Date "2025.03.28"]
[Round "5.12"]
[White "Basaric, Ana"]
[Black "Bakula, Milan"]
[Result "0-1"]
[WhiteElo "1575"]
[BlackElo "1807"]
[PlyCount "38"]
[EventDate "2025.03.19"]

1. e4 c5 2. Nf3 Nc6 3. d4 cxd4 4. Nxd4 Nxd4 5. Qxd4 d6 6. c4 e5 7. Qd1 Be7 8.
Nc3 Nf6 9. Bd3 O-O 10. O-O a6 11. h3 Be6 12. b3 Qd7 13. Bb2 Bxh3 14. gxh3 Qxh3
15. f3 d5 16. Nxd5 Bc5+ 17. Rf2 Qg3+ 18. Kh1 Bxf2 19. Bf1 Qg1# 0-1

[Event "17. Sombor Open"]
[Site "?"]
[Date "2025.03.31"]
[Round "6.1"]
[White "Beslin, Igor"]
[Black "Kurcubic, Drago"]
[Result "0-1"]
[WhiteElo "1907"]
[BlackElo "2120"]
[PlyCount "112"]
[EventDate "2025.??.??"]

1. e4 c6 2. Ne2 d5 3. e5 Qc7 4. d4 Bf5 5. Bf4 e6 6. Ng3 Bg6 7. h4 h6 8. h5 Bh7
9. Bd3 Bxd3 10. Qxd3 Nd7 11. Nc3 Bb4 12. a3 Bxc3+ 13. Qxc3 Ne7 14. Ne2 Rc8 15.
Qd2 c5 16. c3 O-O 17. O-O-O cxd4 18. Nxd4 Nxe5 19. Rh3 N7c6 20. Nxc6 bxc6 21.
Bxh6 Nc4 22. Qg5 Qe5 23. Qxe5 Nxe5 24. Rg3 Ng6 25. hxg6 gxh6 26. Rh1 Kg7 27.
gxf7+ Kxf7 28. Rxh6 Ke7 29. Rg7+ Kd6 30. f3 Rg8 31. Rhg6 Rxg7 32. Rxg7 a5 33.
Kc2 a4 34. Rg4 Ra8 35. c4 Kc5 36. cxd5 cxd5 37. b4+ axb3+ 38. Kxb3 e5 39. Rg7
Rb8+ 40. Ka2 Kd4 41. a4 Ke3 42. Rg4 e4 43. fxe4 dxe4 44. Rg7 Kf2 45. g4 Re8 46.
Ka3 e3 47. Rb7 e2 48. Rb2 Kf3 49. Rxe2 Rxe2 50. Kb4 Kxg4 51. Kb5 Kf5 52. a5 Ke6
53. Kb6 Kd7 54. Kb7 Rb2+ 55. Ka7 Kc7 56. Ka6 Ra2 0-1

[Event "17. Sombor open"]
[Site "Sombor, Citaonicka 9"]
[Date "2025.03.31"]
[Round "6.3"]
[White "Kovacs, Attila F"]
[Black "Pek, Istvan"]
[Result "1/2-1/2"]
[WhiteElo "1891"]
[BlackElo "1865"]
[PlyCount "115"]
[EventDate "2025.03.19"]

1. e4 c5 2. Nf3 d6 3. d4 cxd4 4. Nxd4 Nf6 5. Nc3 a6 6. Bc4 e6 7. Bb3 Be7 8. Bg5
Bd7 9. O-O Nc6 10. a3 O-O 11. Qd2 Rc8 12. Ba2 b5 13. Rad1 Qc7 14. Nxc6 Bxc6 15.
Rfe1 Rfd8 16. Qe2 Qb7 17. f3 a5 18. Kh1 b4 19. axb4 axb4 20. Nb1 Ba4 21. Bc4
Rc7 22. b3 Bc6 23. Bf4 Rcd7 24. Nd2 Ra8 25. Ra1 Rdd8 26. Ra6 Nd7 27. Rea1 d5
28. exd5 Bxd5 29. Bxd5 Qxd5 30. Qc4 Rxa6 31. Rxa6 Qxc4 32. bxc4 Kf8 33. Be3 Ke8
34. Ne4 Rc8 35. Ra5 f5 36. Nd2 g5 37. g3 e5 38. Kg2 Rc6 39. g4 f4 40. Bf2 Kf7
41. Ra7 Ke6 42. Rb7 Nf6 43. h4 h6 44. hxg5 hxg5 45. Rb6 Rxb6 46. Bxb6 Kd6 47.
Nb3 Kc6 48. Ba7 Kb7 49. Bc5 Bd8 50. Bd6 e4 51. Bxb4 exf3+ 52. Kxf3 Nd7 53. Nc5+
Nxc5 54. Bxc5 Kc6 55. Bd4 Be7 56. Ke4 Bd8 57. Kf3 Be7 58. Ke4 1/2-1/2

[Event "17. Sombor open"]
[Site "Sombor, Citaonicka 9"]
[Date "2025.03.31"]
[Round "6.4"]
[White "Vujnovic, Igor"]
[Black "Delija, Dragan"]
[Result "1-0"]
[WhiteElo "1856"]
[BlackElo "1874"]
[PlyCount "58"]
[EventDate "2025.03.19"]

1. e4 e6 2. d4 d5 3. exd5 exd5 4. h3 Bf5 5. Nf3 a6 6. c4 c6 7. cxd5 cxd5 8. Nc3
Nf6 9. Bd3 Bxd3 10. Qxd3 Bd6 11. O-O O-O 12. Bg5 Be7 13. Rfe1 Nc6 14. a3 h6 15.
Bh4 g5 16. Bg3 Bd6 17. Ne5 Ne7 18. Rad1 Kg7 19. Qf3 b5 20. Re2 b4 21. axb4 Bxb4
22. Ng4 Nxg4 23. hxg4 f6 24. Qe3 Rc8 25. Na2 Nc6 26. Nxb4 Nxb4 27. Qb3 Rc4 28.
Qe3 Qc8 29. Bd6 Rf7 1-0

[Event "17. Sombor open"]
[Site "Sombor, Citaonicka 9"]
[Date "2025.03.31"]
[Round "6.5"]
[White "Djurosev, Djordje"]
[Black "Kelic, Dusan"]
[Result "0-1"]
[WhiteElo "1642"]
[BlackElo "1698"]
[PlyCount "73"]
[EventDate "2025.03.19"]

1. e4 e5 2. Nc3 Bc5 3. Nf3 Nc6 4. Bb5 d6 5. Bxc6+ bxc6 6. d4 exd4 7. Nxd4 Qf6
8. Be3 Bd7 9. O-O Ne7 10. Nce2 O-O 11. Qd2 Ng6 12. Bg5 Qe5 13. Rae1 h6 14. Be3
Qxe4 15. Ng3 Qh4 16. Nf3 Bxe3 17. Rxe3 Qf6 18. c3 Rae8 19. Ne4 Qf4 20. Rfe1 Ne5
21. Nxe5 Rxe5 22. g3 Qf5 23. f4 Ree8 24. Qe2 Qb5 25. c4 Qb6 26. Kg2 f5 27. Nc3
Rxe3 28. Qxe3 Qxb2+ 29. Re2 Qb8 30. Qd4 Re8 31. Rxe8+ Bxe8 32. Qe3 Qb2+ 33. Kh3
Bf7 34. Qd4 Bh5 35. Qg1 Bg4+ 36. Kh4 Qxc3 37. h3 0-1

[Event "17. Sombor open"]
[Site "Sombor, Citaonicka 9"]
[Date "2025.03.31"]
[Round "6.7"]
[White "Loncar, Jovan"]
[Black "Stojkovic, Andreja"]
[Result "0-1"]
[WhiteElo "1674"]
[BlackElo "1905"]
[PlyCount "50"]
[EventDate "2025.03.19"]

1. e4 c5 2. Nf3 Nf6 3. Nc3 Nc6 4. d4 d5 5. e5 Ne4 6. dxc5 Nxc3 7. bxc3 Bg4 8.
Be2 e6 9. Be3 Be7 10. h3 Bh5 11. O-O O-O 12. Qd2 Bxf3 13. Bxf3 Nxe5 14. Qe2
Nxf3+ 15. Qxf3 Qc7 16. Qg4 Bxc5 17. Bd2 Rac8 18. Rfe1 Bd6 19. Rac1 Be5 20. g3
Bxc3 21. Re2 Qa5 22. Bxc3 Rxc3 23. h4 Qxa2 24. h5 h6 25. f4 Qa3 0-1

[Event "17. Sombor open"]
[Site "Sombor, Citaonicka 9"]
[Date "2025.04.02"]
[Round "7.1"]
[White "Kurcubic, Drago"]
[Black "Gajcin, Sinisa"]
[Result "1-0"]
[WhiteElo "2120"]
[BlackElo "1797"]
[PlyCount "69"]
[EventDate "2025.03.19"]

1. e4 c5 2. c3 d5 3. exd5 Qxd5 4. d4 Nf6 5. Nf3 Nc6 6. Be2 cxd4 7. cxd4 e6 8.
Nc3 Qd8 9. O-O Be7 10. Bg5 O-O 11. a3 h6 12. Bh4 a6 13. Rc1 Re8 14. Bc4 Nh7 15.
Bxe7 Rxe7 16. Qd3 Rd7 17. Rfd1 Ng5 18. Nxg5 Qxg5 19. Ne4 Qd8 20. Qg3 Rxd4 21.
Nd6 Rxd1+ 22. Rxd1 Qe7 23. Rd3 b5 24. Ba2 Bd7 25. Rf3 Be8 26. h4 Rd8 27. Rd3 b4
28. Bc4 bxa3 29. bxa3 a5 30. Bb5 Qc7 31. Nxe8 Qxg3 32. Rxg3 Nd4 33. Nxg7 Kf8
34. a4 Nxb5 35. axb5 1-0

[Event "17. Sombor open"]
[Site "Sombor, Citaonicka 9"]
[Date "2025.04.02"]
[Round "7.2"]
[White "Skrobonja, Sinisa"]
[Black "Kovacs, Attila F"]
[Result "0-1"]
[WhiteElo "1995"]
[BlackElo "1891"]
[PlyCount "54"]
[EventDate "2025.03.19"]

1. e4 e5 2. Nf3 Nf6 3. Nc3 Nc6 4. Bb5 Bb4 5. d3 d6 6. O-O h6 7. a3 Ba5 8. b4
Bb6 9. d4 exd4 10. Nxd4 Bd7 11. Nf5 O-O 12. Bc4 Be6 13. Nd5 Nxd5 14. Bxd5 Bxf5
15. exf5 Qf6 16. Rb1 Qxf5 17. Rb3 Nd8 18. Rg3 Kh8 19. Bc4 Ne6 20. Bd3 Qf6 21.
Qg4 Qd4 22. Qf5 g6 23. Rxg6 fxg6 24. Qxg6 Qg7 25. Qxe6 Rae8 26. Qh3 Rxf2 27.
Bxh6 Rxg2+ 0-1

[Event "17. Sombor open"]
[Site "Sombor, Citaonicka 9"]
[Date "2025.04.02"]
[Round "7.3"]
[White "Kelic, Dusan"]
[Black "Vujnovic, Igor"]
[Result "0-1"]
[WhiteElo "1698"]
[BlackElo "1856"]
[PlyCount "53"]
[EventDate "2025.03.19"]

1. e4 e6 2. d4 d5 3. e5 c5 4. Bb5+ Nc6 5. Nf3 Bd7 6. Bxc6 Bxc6 7. O-O c4 8. a3
Ne7 9. Bg5 Qb6 10. b4 cxb3 11. cxb3 Ng6 12. b4 h6 13. Be3 Be7 14. Nc3 O-O 15.
Na4 Qb5 16. Nc5 Qb6 17. Na4 Qd8 18. Nc3 a6 19. Qb3 f6 20. b5 axb5 21. Nxb5 f5
22. a4 f4 23. Bd2 Qd7 24. Bb4 Bxb5 25. Bxe7 Bc4 26. Qb4 Nxe7 27. Rfb1 0-1

[Event "17. Sombor Open"]
[Site "?"]
[Date "2025.04.02"]
[Round "7.5"]
[White "Bakula, Milan"]
[Black "Beslin, Igor"]
[Result "0-1"]
[WhiteElo "1807"]
[BlackElo "1907"]
[PlyCount "62"]
[EventDate "2025.??.??"]

1. c4 c5 2. Nc3 Nc6 3. e3 e6 4. Nf3 d5 5. d4 cxd4 6. exd4 Nf6 7. Bd3 dxc4 8.
Bxc4 Be7 9. O-O O-O 10. Bf4 a6 11. a3 b5 12. Bd3 Bb7 13. Rc1 Nd5 14. Bg3 Nxc3
15. Rxc3 Qd5 16. Re1 f5 17. Be5 Rad8 18. Bc2 Bf6 19. Bb3 Qd7 20. Bxf6 Rxf6 21.
Ng5 Re8 22. d5 Na5 23. Ba2 Nc4 24. dxe6 Qc6 25. Rg3 f4 26. Rf3 Rg6 27. Ne4 Qxe6
28. Rxf4 Qh3 29. Nf6+ gxf6 30. Rxe8+ Kg7 31. Qd7+ Qxd7 0-1

[Event "17. Sombor open"]
[Site "Sombor, Citaonicka 9"]
[Date "2025.04.02"]
[Round "7.6"]
[White "Stojkovic, Andreja"]
[Black "Djurosev, Djordje"]
[Result "1-0"]
[WhiteElo "1905"]
[BlackElo "1642"]
[PlyCount "71"]
[EventDate "2025.03.19"]

1. e4 e5 2. Bc4 Nf6 3. Nc3 Bc5 4. d3 O-O 5. Bg5 c6 6. Bb3 d6 7. Qd2 Be6 8. Nf3
Nbd7 9. O-O h6 10. Bh4 Bg4 11. Bg3 Bxf3 12. gxf3 Nh5 13. Ne2 Kh8 14. c3 f5 15.
d4 Bb6 16. exf5 Rxf5 17. Qd3 Qf6 18. Bc2 g6 19. Kh1 Rg8 20. Qe3 Nxg3+ 21. Nxg3
Rf4 22. Ne2 Rh4 23. Rad1 g5 24. Rg1 Rf8 25. Rg3 Kg7 26. Kg2 Rf4 27. Nxf4 exf4
28. Qe4 Rh8 29. Rh3 d5 30. Qd3 Nf8 31. Re1 Ng6 32. Qxg6+ Qxg6 33. Bxg6 Kxg6 34.
Re6+ Kf7 35. Rexh6 Rxh6 36. Rxh6 1-0

[Event "17. Sombor open"]
[Site "Sombor, Citaonicka 9"]
[Date "2025.04.02"]
[Round "7.7"]
[White "Delija, Dragan"]
[Black "Mandaric, Petar"]
[Result "1-0"]
[WhiteElo "1874"]
[BlackElo "1857"]
[PlyCount "94"]
[EventDate "2025.03.19"]

1. Nf3 d5 2. d4 Nf6 3. c4 dxc4 4. Nc3 e6 5. e4 c5 6. Qa4+ Bd7 7. Qxc4 cxd4 8.
Nxd4 Nc6 9. Nxc6 Bxc6 10. Bg5 Be7 11. Rd1 Qa5 12. Bd2 Qc5 13. Qxc5 Bxc5 14. f3
O-O 15. Bb5 Rac8 16. Ke2 h6 17. Rc1 Bd4 18. Bxc6 bxc6 19. Rc2 c5 20. Rhc1 Rb8
21. b3 e5 22. Be3 c4 23. bxc4 Rfd8 24. Nd5 Nd7 25. Bxd4 exd4 26. Kd3 Ne5+ 27.
Kxd4 Nc6+ 28. Ke3 Kf8 29. Rd2 Rb7 30. Rd3 Rb2 31. Rd2 Rb7 32. Rc3 Rdb8 33. Rcd3
Ke8 34. f4 f6 35. g4 Rd8 36. Rb3 Rxb3+ 37. axb3 Rb8 38. Rd3 Rb7 39. Kd2 a5 40.
h3 Kf7 41. h4 Ke6 42. h5 Kf7 43. Kc3 Ke8 44. Rd1 Kf7 45. Rd3 Ke8 46. Ne3 Re7
47. Nf5 Rxe4 1-0

[Event "17. Sombor open"]
[Site "Sombor, Citaonicka 9"]
[Date "2025.04.02"]
[Round "7.8"]
[White "Kokai, Lea"]
[Black "Knezevic, Janko"]
[Result "0-1"]
[WhiteElo "1525"]
[BlackElo "1938"]
[PlyCount "38"]
[EventDate "2025.03.19"]

1. e4 c5 2. d4 cxd4 3. Qxd4 Nc6 4. Qd3 d6 5. Nc3 Nf6 6. Nf3 Nd7 7. Be2 Nc5 8.
Qe3 e5 9. O-O Be7 10. Nd5 Be6 11. c4 Bxd5 12. cxd5 Nb4 13. Bd1 O-O 14. Nd2 Bg5
15. Qe2 Nbd3 16. Re1 Nxe1 17. Qxe1 Nd3 18. Qe2 Nxc1 19. Rxc1 Qa5 0-1

[Event "17. Sombor open"]
[Site "Sombor, Citaonicka 9"]
[Date "2025.04.04"]
[Round "8.1"]
[White "Pek, Istvan"]
[Black "Kurcubic, Drago"]
[Result "1/2-1/2"]
[WhiteElo "1865"]
[BlackElo "2120"]
[PlyCount "127"]
[EventDate "2025.03.19"]

1. Nf3 Nf6 2. d4 e6 3. e3 b6 4. Bd3 Bb7 5. Nbd2 d5 6. O-O Nbd7 7. b3 Be7 8. Bb2
O-O 9. c4 Re8 10. Rc1 Rc8 11. Re1 Ne4 12. a3 Bf6 13. Qe2 c5 14. Rc2 Qe7 15.
Rec1 e5 16. dxe5 Nxe5 17. Nxe5 Bxe5 18. Bxe5 Qxe5 19. Nf3 Qh5 20. cxd5 Qxd5 21.
Bc4 Qh5 22. Ba6 Rc7 23. Bxb7 Rxb7 24. Rd1 h6 25. Qc4 Ng5 26. Qd5 Nxf3+ 27. Qxf3
Qxf3 28. gxf3 Kf8 29. Kf1 Ke7 30. Rcd2 Rc8 31. Ke2 b5 32. Rc1 Rbc7 33. f4 Ke6
34. e4 g6 35. h4 h5 36. Ke3 c4 37. bxc4 Rxc4 38. Rxc4 Rxc4 39. Rd3 Rc1 40. Kd4
Kd6 41. e5+ Ke6 42. Ke4 Rc4+ 43. Ke3 a5 44. Rd6+ Ke7 45. Rb6 b4 46. axb4 Rxb4
47. Ra6 a4 48. f3 Rc4 49. Ra7+ Ke6 50. Ra6+ Kd5 51. Ra7 Rc3+ 52. Kf2 a3 53.
Rxf7 a2 54. Ra7 Rc2+ 55. Ke3 Rc3+ 56. Kf2 Rc2+ 57. Ke3 Rh2 58. Ra4 Kc5 59. Ra7
Kb6 60. Ra8 Kb7 61. Ra4 Kc6 62. Ra8 Kd5 63. Ra4 Rb2 64. Ra6 1/2-1/2

[Event "17. Sombor open"]
[Site "Sombor, Citaonicka 9"]
[Date "2025.04.04"]
[Round "8.2"]
[White "Kovacs, Attila F"]
[Black "Vujnovic, Igor"]
[Result "1/2-1/2"]
[WhiteElo "1891"]
[BlackElo "1856"]
[PlyCount "98"]
[EventDate "2025.03.19"]

1. b3 e5 2. Bb2 Nc6 3. e3 d5 4. Bb5 Bd6 5. Nf3 Bg4 6. h3 Bxf3 7. Qxf3 Nf6 8. c4
O-O 9. cxd5 Nb4 10. Na3 a6 11. Bc4 b5 12. Be2 Nbxd5 13. e4 Nf4 14. O-O Ne6 15.
Nc2 Re8 16. d3 c5 17. Rfd1 Rc8 18. Bf1 Nd4 19. Nxd4 cxd4 20. Rdc1 Qa5 21. Qd1
h6 22. a3 Qb6 23. Qd2 Nd7 24. b4 Qb7 25. Be2 Nb6 26. Bd1 Rxc1 27. Rxc1 Rc8 28.
Bb3 Kf8 29. Qd1 Rxc1 30. Bxc1 Qc7 31. Bb2 Qd7 32. f4 Qc7 33. f5 Be7 34. Qc1
Qxc1+ 35. Bxc1 Bh4 36. Bd2 Bg3 37. Kf1 Ke7 38. Ke2 Bh4 39. Kf3 Kf8 40. Kg4 Be7
41. Kh5 Bf6 42. h4 Be7 43. g4 Bd8 44. g5 hxg5 45. hxg5 Be7 46. Be1 Bd8 47. Bg3
Bc7 48. f6 g6+ 49. Kh6 Bd6 1/2-1/2

[Event "17. Sombor open"]
[Site "Sombor, Citaonicka 9"]
[Date "2025.04.04"]
[Round "8.3"]
[White "Skrobonja, Sinisa"]
[Black "Stojkovic, Andreja"]
[Result "1-0"]
[WhiteElo "1995"]
[BlackElo "1905"]
[PlyCount "90"]
[EventDate "2025.03.19"]

1. g3 d5 2. Bg2 Nf6 3. d3 c6 4. a3 a5 5. b3 Bf5 6. Bb2 e6 7. Nd2 Nbd7 8. h3 Bg6
9. e3 Qc7 10. Ne2 Bd6 11. Nf3 O-O 12. Nh4 c5 13. Nxg6 hxg6 14. c4 Nb6 15. O-O
Rfd8 16. Qc2 e5 17. Rac1 d4 18. exd4 exd4 19. Qd2 Nbd7 20. b4 axb4 21. axb4 Ra2
22. Ra1 Rda8 23. Rxa2 Rxa2 24. Ra1 Rxa1+ 25. Bxa1 b6 26. Bb2 Qa7 27. Nc1 Qa4
28. b5 Ne5 29. f4 Ned7 30. Bf3 Nh5 31. Bd1 Qa8 32. Qf2 Qa5 33. Kg2 Qb4 34. Nb3
Nhf6 35. Qd2 Qxd2+ 36. Nxd2 Kf8 37. Kf3 Ke8 38. g4 Nf8 39. Nf1 Ne6 40. Bc1 Nd7
41. Ng3 f6 42. h4 Kf7 43. h5 gxh5 44. gxh5 Ndf8 45. Ke4 Nd7 {Necitko!} 1-0

[Event "17. Sombor open"]
[Site "Sombor, Citaonicka 9"]
[Date "2025.04.04"]
[Round "8.4"]
[White "Travica, Robert"]
[Black "Beslin, Igor"]
[Result "1-0"]
[WhiteElo "2018"]
[BlackElo "1907"]
[PlyCount "95"]
[EventDate "2025.03.19"]

1. e4 c5 2. Nf3 d6 3. d4 cxd4 4. Nxd4 Nf6 5. Nc3 a6 6. Be2 e5 7. Nf3 Be7 8. Bg5
O-O 9. Bxf6 Bxf6 10. Nd5 Nc6 11. O-O Ne7 12. Bc4 Nxd5 13. Bxd5 Qc7 14. Qe2 Bg4
15. c3 Be7 16. h3 Bh5 17. Rfd1 Kh8 18. a4 Bd8 19. a5 Qe7 20. c4 Rb8 21. b4 b6
22. g4 Bg6 23. axb6 Rxb6 24. Ra4 Qd7 25. Rda1 h5 26. Nh2 hxg4 27. hxg4 Qc8 28.
Qe3 Qb8 29. Qd2 f6 30. Nf1 a5 31. b5 Qc8 32. Ne3 Rb8 33. Kg2 Bf7 34. Rh1+ Kg8
35. Bxf7+ Kxf7 36. Qxd6 Bb6 37. Qd5+ Kg6 38. Nf5 Qd8 39. Nh4+ Kg5 40. Qe6 Qc8
41. f4+ Kxf4 42. Rf1+ Kg5 43. Nf3+ Kg6 44. Nxe5+ Kh6 45. Rh1+ Kg5 46. Rh5+ Kf4
47. Rf5+ Ke3 48. Rf3+ 1-0

[Event "17. Sombor open"]
[Site "Sombor, Citaonicka 9"]
[Date "2025.04.04"]
[Round "8.6"]
[White "Sasic, Miodrag"]
[Black "Kelic, Dusan"]
[Result "1-0"]
[WhiteElo "1763"]
[BlackElo "1698"]
[PlyCount "29"]
[EventDate "2025.03.19"]

1. e4 e5 2. Bc4 Nf6 3. Nc3 Nc6 4. Nf3 Nxe4 5. Nd5 Bc5 6. O-O O-O 7. d3 Nf6 8.
Bg5 d6 9. Bxf6 gxf6 10. c3 Bg4 11. b4 Bb6 12. h3 Be6 13. Nh4 f5 14. Qh5 Ne7 15.
Nf6+ 1-0

[Event "17. Sombor open"]
[Site "Sombor, Citaonicka 9"]
[Date "2025.04.04"]
[Round "8.9"]
[White "Basaric, Ana"]
[Black "Djurosev, Djordje"]
[Result "1-0"]
[WhiteElo "1575"]
[BlackElo "1642"]
[PlyCount "54"]
[EventDate "2025.03.19"]

1. c4 Nf6 2. Nc3 e6 3. g3 Bb4 4. Bg2 c6 5. e4 e5 6. Nge2 d6 7. a3 Bxc3 8. Nxc3
Be6 9. d3 Nbd7 10. Be3 h6 11. O-O O-O 12. b4 a6 13. a4 Ng4 14. Bd2 c5 15. Nd5
Ngf6 16. Rb1 b6 17. f4 Bg4 18. Qe1 Nxd5 19. cxd5 f5 20. a5 g5 21. Bc3 Rc8 22.
h3 Bh5 23. exf5 Be8 24. fxe5 dxe5 25. Bxe5 Nf6 26. Bxf6 Qxf6 27. Qe6+ Qf7 1-0

[Event "17. Sombor open"]
[Site "Sombor, Citaonicka 9"]
[Date "2025.04.04"]
[Round "8.10"]
[White "Loncar, Jovan"]
[Black "Kokai, Lea"]
[Result "1/2-1/2"]
[WhiteElo "1674"]
[BlackElo "1525"]
[PlyCount "32"]
[EventDate "2025.03.19"]

1. e4 d6 2. d4 Nf6 3. Nc3 e5 4. dxe5 dxe5 5. Qxd8+ Kxd8 6. Bg5 Be6 7. Nf3 Nbd7
8. Bxf6+ gxf6 9. Be2 a5 10. a3 c6 11. a4 Bb4 12. O-O Rg8 13. Rfd1 Ke7 14. Bd3
Rg7 15. Ne2 h5 16. h4 Rag8 1/2-1/2